Taman Budiman : (Record no. 4084)
[ view plain ]
| 000 -LEADER | |
|---|---|
| fixed length control field | nam a22 a 4500 |
| 003 - CONTROL NUMBER IDENTIFIER | |
| control field | AKMAL |
| 005 - DATE AND TIME OF LATEST TRANSACTION | |
| control field | 20170525105112.0 |
| 008 - FIXED-LENGTH DATA ELEMENTS--GENERAL INFORMATION | |
| fixed length control field | 170525 si 000 eng d |
| 040 ## - CATALOGING SOURCE | |
| Transcribing agency | AKMAL |
| 082 04 - DEWEY DECIMAL CLASSIFICATION NUMBER | |
| Classification number | 921 SHE |
| 100 1# - MAIN ENTRY--PERSONAL NAME | |
| Personal name | Mubin Sheppard, |
| Titles and words associated with a name | Tan Sri Datuk, |
| Dates associated with a name | 1905-1994 |
| 9 (RLIN) | 4816 |
| 245 10 - TITLE STATEMENT | |
| Title | Taman Budiman : |
| Remainder of title | memoirs of an unorthodox civil servant / |
| Statement of responsibility, etc. | Tan Sri Dato Mubin Sheppard. |
| 260 ## - PUBLICATION, DISTRIBUTION, ETC. | |
| Place of publication, distribution, etc. | Kuala Lumpur : |
| Name of publisher, distributor, etc. | Heinemann Educational Books, |
| Date of publication, distribution, etc. | 1979 |
| 300 00 - PHYSICAL DESCRIPTION | |
| Extent | xii, 278p.; 24p. of plates ; |
| Dimensions | 22cm. |
| 500 ## - GENERAL NOTE | |
| General note | Includes index. |
| 942 ## - ADDED ENTRY ELEMENTS (KOHA) | |
| Source of classification or shelving scheme | |
| Koha item type | Book |
| Withdrawn status | Lost status | Source of classification or shelving scheme | Damaged status | Not for loan | Collection code | Home library | Current library | Shelving location | Date acquired | Inventory number | Total Checkouts | Full call number | Barcode | Date last seen | Price effective from | Koha item type |
|---|---|---|---|---|---|---|---|---|---|---|---|---|---|---|---|---|
| NON-FICTION | AKMAL Melaka | AKMAL Melaka | PINJAMAN | 25.05.2017 | 900058 | 921 SHE | 201705374 | 25.05.2017 | 25.05.2017 | Book |
